Countries that touch the equator (2 minute sprint) - Statistics

General Stats
  • This quiz has been taken 24 times
  • The average score is 8 of 11
Answer Stats
Number Answer % Correct
1. Brazil
100%
2. Colombia
81%
6. Democratic Republic of the Congo
81%
9. Kenya
81%
11. Indonesia
75%
7. Republic of the Congo
75%
5. Gabon
63%
8. Uganda
63%
3. Ecuador
56%
10. Somalia
50%
4. Sao Tome and Principe
31%
No matching quizzes found
Score Distribution
Percent of People with Each Score
Percentile by Number Answered
Your Score History
You have not taken this quiz